Lectures on Polish value theory /
This book offers a synoptic introduction to an important chapter of Polish 20th century philosophy, by introducing the studies of Kazimierz Twardowski, Tadeusz Czeżowski, Tadeusz Kotarbiński, Władysław Tatarkiewicz, Roman Ingarden, Henryk Elzenberg, Maria Ossowska, and Józef Maria Bocheński and how...
Main Author:
Format: eBook
Language: English
Published:
Leiden ; Boston, MA :
Brill | Rodopi,
2019.
Series:
Studien zur Österreichischen Philosophie
47.
Religious Studies, Theology and Philosophy E-Books Online, Collection 2019, ISBN: 9789004390898.
Subjects:
Online Access: Login to view Source
Tags: Add Tag
Call Number: B790-5739
| LEADER | 03084nam a22004575i 4500 | ||
|---|---|---|---|
| 001 | BRILL9789004394322 | ||
| 003 | nllekb | ||
| 005 | 20210602095104.0 | ||
| 006 | m d | ||
| 007 | cr un uuuua | ||
| 008 | 190108s2019 mau 000 0 eng | ||
| 010 | |a 2019930375 | ||
| 020 | |a 9789004394322 |q (electronic book) | ||
| 020 | |z 9789004391109 |q (print) | ||
| 024 | 7 | |a 10.1163/9789004394322 |2 DOI | |
| 040 | |a NL-LeKB |c NL-LeKB |e rda | ||
| 050 | 4 | |a B790-5739 | |
| 072 | 7 | |a HPQ |2 bicssc | |
| 072 | 7 | |a PHI |x 005000 |2 bisacsh | |
| 082 | 0 | 4 | |a 190 |2 23 |
| 100 | 1 | |a Porebski, Czeslaw. | |
| 245 | 1 | 0 | |a Lectures on Polish value theory / |c Czeslaw Porebski. |
| 264 | 1 | |a Leiden ; Boston, MA : |b Brill | Rodopi, |c 2019. | |
| 300 | |a 1 online resource. | ||
| 336 | |a text |b txt |2 rdacontent | ||
| 337 | |a unmediated |b n |2 rdamedia | ||
| 338 | |a online resource |2 rdacarrier | ||
| 490 | 0 | |a Studien zur Osterreichischen philosophie ; |v 47 | |
| 490 | 0 | |a Religious Studies, Theology and Philosophy E-Books Online, Collection 2019, ISBN: 9789004390898 | |
| 505 | 0 | 0 | |a Front Matter -- Copyright -- Foreword -- Preface -- Twardowski: Scientific Ethics -- Czeżowski: Ethics - an Empirically Based Discipline -- Kotarbiński: Knowing and Doing -- Tatarkiewicz: The Absoluteness of the Good -- Ingarden: Aesthetics and Phenomenological Value Theory -- Elzenberg: An Unfinished System of Axiology -- Ossowska: The Science of Morals -- Bocheński: Morality, Ethics, and Analysis -- Appendix: Ethics as an Empirical Discipline by Tadeusz Czeżowski -- Back Matter -- Biographical Notes -- Bibliography. |
| 520 | |a This book offers a synoptic introduction to an important chapter of Polish 20th century philosophy, by introducing the studies of Kazimierz Twardowski, Tadeusz Czeżowski, Tadeusz Kotarbiński, Władysław Tatarkiewicz, Roman Ingarden, Henryk Elzenberg, Maria Ossowska, and Józef Maria Bocheński and how they contributed to value theory, ethics and aesthetics. These philosophers differed in their more definite interests, methodological approaches, and main results and yet their investigations share a number of characteristic features. Questions of value, considered as extremely vital, are treated with care and precision. In spite of the richness of their insights and an impressive number of detailed results these philosophers refrain from hasty conclusions, trying here, as elsewhere, to conduct their studies in an intellectually and morally responsible way. | ||
| 650 | 0 | |a Values. | |
| 650 | 0 | |a Philosophers |z Poland |x Influence. | |
| 650 | 0 | |a Philosophy, Polish |y 20th century. | |
| 776 | 0 | 8 | |i Print version: |t Polish Value Theory |d Leiden ; Boston : Brill | Rodopi, [2019], |z 9789004391109 |
| 830 | 0 | |a Studien zur Österreichischen Philosophie |v 47. | |
| 830 | 0 | |a Religious Studies, Theology and Philosophy E-Books Online, Collection 2019, ISBN: 9789004390898. | |
| 856 | 4 | |z DOI: |u http://dx.doi.org/10.1163/9789004394322 | |
| 942 | |c EBOOK | ||
| 952 | |0 0 |1 0 |4 0 |7 1 |9 13073 |a BRILL |b BRILL |d 2021-06-02 |l 0 |r 2021-06-02 00:00:00 |w 2021-06-02 |y EBOOK | ||
| 999 | |c 34526 |d 34526 | ||
